La figura del agente de autoridad y su relacin̤ con la polica̕ judicial

Detalles Bibliográficos
Autor principal: Muǫz Garca̕, Sergio David
Otros Autores: Medina Přez, Patricia
Formato: eBook
Lenguaje:español
Publicado: Barcelona: J.M. Bosch Editor, 2020
Materias:
Acceso en línea:Acceso restringido

MARC

LEADER 00000nam a22000007a 4500
005 20220504225757.0
007 cr|||| ||||
008 220504s2020 es |||||s|||| 00||0 spa d
020 |a 978-84-122700-3-7 
035 |a 35596 
040 |a vLex 
090 |c 13288  |d 13288 
100 1 |a Muǫz Garca̕, Sergio David 
245 1 2 |a La figura del agente de autoridad y su relacin̤ con la polica̕ judicial  |h [Recurso electrn̤ico] /  |c Sergio David Muǫz Garca̕, Patricia Medina Přez 
256 |a Servicio en ln̕ea 
260 |a Barcelona:  |b J.M. Bosch Editor,  |c 2020 
300 |a 1 recurso electrn̤ico 
500 |a El concepto de agente de autoridad y el de polica̕ judicial no estǹ claramente definidos en el ordenamiento jurd̕ico espaǫl. Esto genera confusin̤ en el m̀bito de sus actuaciones, lo que puede redundar en un peor servicio para el ciudadano y en algunos casos alterar el equilibrio entre seguridad y libertad. Hemos investigado dentro de nuestro marco jurd̕ico los elementos que definen a un agente de la autoridad y aquellos que caracterizan a la polica̕ judicial, estableciendo sus puntos comunes y sus diferentes competencias. Para ello, se ha llevado a cabo una revisin̤ de la normativa legal que, partiendo de la Constitucin̤ Espaǫla, se ha desarrollado sobre la materia, para analizar despuš, desde un punto de vista crt̕ico, las dificultades de su aplicacin̤ y puesta en prc̀tica. Las conclusiones del trabajo son que no existe una definicin̤ concreta en nuestra legislacin̤ de agente de la autoridad, que la normativa espaǫla ha ido extendiendo el concepto de agente de autoridad a otros colectivos ajenos a los cuerpos y fuerzas de seguridad del Estado en funcin̤ de las necesidades sociales, que s ̕existe un adecuado soporte legal para la presuncin̤ de veracidad tanto de los agentes de la autoridad como de la polica̕ judicial en el m̀bito de la jurisdiccin̤ administrativa y que, en cambio, en la jurisdiccin̤ penal es la polica̕ judicial la que tiene mayores atribuciones. 
506 1 |a Disponible solo en los productos indicados  |d vLex Global  |d vLex Global (Academic Edition, excluding Law Schools)  |d vLex Global (U.S. Academic Edition, Law Schools)  |d vLex Global (U.S. Academic Edition, excluding Law Schools)  |d vLex Global (Academic Edition, Law Schools) 
650 0 4 |a Derecho Pb︢lico y Administrativo  |z Espaą 
650 0 4 |a Derecho Constitucional  |z Espaą 
700 1 |a Medina Přez, Patricia 
740 0 |a vLex Libros (Servicio en ln̕ea) 
856 4 0 |u https://app.vlex.com/#/sources/35596  |z Acceso restringido 
942 |c BOOK 
999 0 |a Public and Administrative Law 
999 0 |a Constitutional Law